000 03199cam a2200385 4500500
005 20260329022354.0
041 _afre
042 _adc
100 1 0 _aGilliotte, Quentin
_eauthor
700 1 0 _aPasquier, Dominique
_eauthor
700 1 0 _aCarey-Libbrecht, Liz
_eauthor
245 0 0 _aStaging money
260 _c2024.
500 _a15
520 _aFollowing on from Viviana Zelizer’s work on the articulation between monetary practices and social relations, this article examines the relationship between videographers and their various sources of income: monetization by the platform, donations from internet users, commercial partnerships, and public funding. Each of these sources is invested with “qualities”, in Zelizer’s sense, which are independent of the quantities of money involved. The study is based on 24 interviews with content creators offering learning and popularization videos, mainly on YouTube and Twitch. The article distinguishes three sets of videographers according to their place in the hierarchy of success: “aspirants”, “institutional videographers”, and “established youtubers”. It shows that the various forms of remuneration are both cumulative and antagonistic, and that trade-offs have to be made between them in terms of the ways in which their legitimacy and uses are presented. This rhetorical exercise appears to be particularly necessary and difficult for the most visible videographers.
520 _aDans la suite des travaux de Viviana Zelizer sur l’articulation entre pratiques monétaires et relations sociales, cet article examine le rap­port des vidéastes à leurs différentes sources de revenu : monétisa­tion par la plateforme, dons des internautes, partenariats commer­ciaux et financements publics. Chacune de ces sources est investie de « qualités », au sens de Zelizer, qui sont indépendantes des quantités d’argent en jeu. L’enquête est fondée sur 24 entretiens de créateurs de contenu proposant des vidéos d’apprentissage et de vulgarisation, principalement sur YouTube et Twitch. L’article distingue trois en­sembles de vidéastes selon leur place dans la hiérarchie du succès : les « aspirants », les « vidéastes institutionnels », et les « youtubeurs installés ». Il montre que les différentes rémunérations sont à la fois cumulatives et antagonistes, et doivent faire l’objet d’arbitrages quant à la façon de mettre en scène leur légitimité et leurs usages. Cet exercice rhétorique apparaît particulièrement nécessaire et diffi­cile pour les vidéastes les plus visibles.
690 _aalgorithme
690 _aCNC
690 _adons
690 _amonétisation
690 _apartenariat
690 _avidéastes
690 _aYouTube
690 _aZelizer
690 _aalgorithm
690 _aCNC
690 _adonations
690 _amonetization
690 _apartnership
690 _avideographers
690 _aYouTube
690 _aZelizer
786 0 _nRéseaux | o 246-247 | 4-5 | 2024-12-17 | p. 89-126 | 0751-7971
856 4 1 _uhttps://shs.cairn.info/journal-reseaux-2024-4-5-page-89?lang=en&redirect-ssocas=7080
999 _c1919638
_d1919638